| 000 | 01968cam a22004214i 4500 | ||
|---|---|---|---|
| 003 | PE-LiUPU | ||
| 005 | 20250731183355.0 | ||
| 008 | 150529s2015 sp a f 000 0 spa d | ||
| 020 | _a8425228190 | ||
| 020 | _a9788425228193 | ||
| 035 | _a(Sirsi) i9788425228193 | ||
| 040 |
_aESALI _bspa _cESALI _dBNM _dPE-LiUPU _erda |
||
| 049 | _aPRUA | ||
| 082 | 0 | 4 |
_a720 _bC75 _220 |
| 100 | 1 |
_aColafranceschi, Daniela, _eautor. |
|
| 245 | 1 | 0 |
_aCarme Pinós : _barquitecturas / _cDaniela Colafranceschi. |
| 264 |
_aBarcelona : _bGustavo Gili, _c2015. |
||
| 300 |
_a264 páginas : _bilustraciobes ; _c25 centímetros. |
||
| 336 |
_atext _2rdacontent |
||
| 337 |
_aunmediated _2rdamedia |
||
| 338 |
_avolume _2rdacarrier |
||
| 505 | 0 | _aPaisajes elocuentes - Daniela Colafranceschi -- Cuano lo construido habla de quien lo construyo - Rafael Moneo -- Parque aromático torreblanca, torrevieja (alicante), España -- Edificio universitario, viene, Austria. | |
| 526 | _aP158 | ||
| 526 | _aP146 | ||
| 526 | _aP17 | ||
| 526 | _aP12 | ||
| 526 | _aP06 | ||
| 541 | _g0021-0002474; | ||
| 910 |
_ajck _bncf _cncf _d20160926 |
||
| 910 |
_ajck _bjvq _cjpc _d20170731 |
||
| 942 |
_2ddc _cBOOK |
||
| 949 |
_a720 C75 _wDEWEY _c1 _i74766 _lCCODEBUL1 _mBUL _p69.16 _r0 _sY _tBOOK _u2016-9-26 _xINGENIERIA _PP06 _0COMPRA _o.STAFF. Colección Ingenieria y Arquitectura |
||
| 994 |
_aC0 _bPEPRU |
||
| 596 | _a1 | ||
| 999 |
_a720 C75 _wDEWEY _c12654 _i74766 _d12654 _e2017-10-4 _f2021-11-9 _g7 _lCCODEBUL1 _mBUL _n1 _p69.16 _r0 _sY _tBOOK _u2016-9-26 _xINGENIERIA _PP06 _0COMPRA _o.STAFF. Colección Ingenieria y Arquitectura |
||
| 999 |
_a720 C75 _wDEWEY _c2 _i76300 _d2018-9-12 _e2018-9-5 _f2021-11-9 _g4 _lCCODEBUL1 _mBUL _n4 _p73.00 _r0 _sY _tBOOK _u2017-7-31 _xINGENIERIA _PP06 _0COMPRA _o.STAFF. Colección Ingeniería y Arquitectura |
||
| 980 |
_81 _gALBERTO SANCHEZ Responsable de Automatización |
||